000 00719nam a2200241Ia 4500
003 OSt
005 20221005093007.0
006 a|||||r|||| 00| 0
007 ta
008 221004b |||||||| |||| 00| 0 eng d
024 _a33841
037 _cTextual
040 _aCRL
_cCRL
_beng
041 _2eng
_aeng
082 _a2:55, K5
100 _aPiercy Esther J
_945730
245 0 _aCommonsense cataloging
_b A manual for the organisation of books and other materials in school and small public libraries
260 _aNew York
_bThe H W Wilson Company
_c1965
300 _a223p.
_ccm.
650 _aLIBRARY SCIENCE
942 _h2:55, K5
_cTEXL
_2cc
999 _c999678
_d999678